<?xml version="1.0" encoding="UTF-8"?>
<record
    xmlns:xsi="http://www.w3.org/2001/XMLSchema-instance"
    xsi:schemaLocation="http://www.loc.gov/MARC21/slim http://www.loc.gov/standards/marcxml/schema/MARC21slim.xsd"
    xmlns="http://www.loc.gov/MARC21/slim">

  <leader>01561nam a22003017a 4500</leader>
  <controlfield tag="008">250625b        |||||||| |||| 00| 0 eng d</controlfield>
  <datafield tag="020" ind1=" " ind2=" ">
    <subfield code="a">9781399812474</subfield>
  </datafield>
  <datafield tag="040" ind1=" " ind2=" ">
    <subfield code="c">tbs</subfield>
  </datafield>
  <datafield tag="041" ind1=" " ind2=" ">
    <subfield code="a">eng</subfield>
    <subfield code="a">spa</subfield>
  </datafield>
  <datafield tag="100" ind1=" " ind2=" ">
    <subfield code="a">Stacey, Mark</subfield>
    <subfield code="9">25558</subfield>
    <subfield code="e">author</subfield>
  </datafield>
  <datafield tag="245" ind1=" " ind2=" ">
    <subfield code="a">Beginner's Spanish</subfield>
    <subfield code="c">/ Mark Stacey, Angela Gonz&#xE1;lez Hevia.</subfield>
  </datafield>
  <datafield tag="260" ind1=" " ind2=" ">
    <subfield code="a">London :</subfield>
    <subfield code="b">Teach Yourself,</subfield>
    <subfield code="c">2024.</subfield>
  </datafield>
  <datafield tag="300" ind1=" " ind2=" ">
    <subfield code="a">xxi, 204 pages : </subfield>
    <subfield code="b">illustrations, maps ; </subfield>
    <subfield code="c">20 cm.</subfield>
  </datafield>
  <datafield tag="490" ind1=" " ind2=" ">
    <subfield code="a">Teach yourself</subfield>
  </datafield>
  <datafield tag="520" ind1=" " ind2=" ">
    <subfield code="a">If you are looking for a solid foundation to your language studies for school, work or travel, this engaging course will get you speaking, writing, reading and understanding Castilian Spanish in no time. Through authentic conversations, clear language presentations, and extensive practice and review, you will learn the Spanish you need to communicate naturally in everyday situations - from booking a hotel room to talking about friends and family.</subfield>
  </datafield>
  <datafield tag="650" ind1=" " ind2="0">
    <subfield code="a">Spanish language</subfield>
    <subfield code="x">Conversation and phrase books</subfield>
    <subfield code="x">English</subfield>
    <subfield code="9">25338</subfield>
  </datafield>
  <datafield tag="650" ind1=" " ind2="0">
    <subfield code="a">Spanish language</subfield>
    <subfield code="x">Self-instruction</subfield>
    <subfield code="9">25339</subfield>
  </datafield>
  <datafield tag="650" ind1=" " ind2="0">
    <subfield code="a">Spanish language </subfield>
    <subfield code="x">Textbooks for foreign speakers </subfield>
    <subfield code="x">English</subfield>
    <subfield code="9">13590</subfield>
  </datafield>
  <datafield tag="650" ind1=" " ind2="0">
    <subfield code="a">Spanish language </subfield>
    <subfield code="x">Grammar</subfield>
    <subfield code="9">10270</subfield>
  </datafield>
  <datafield tag="650" ind1=" " ind2="0">
    <subfield code="a">Programmed instructional materials</subfield>
    <subfield code="9">25559</subfield>
  </datafield>
  <datafield tag="655" ind1=" " ind2="0">
    <subfield code="a">Phrase books</subfield>
    <subfield code="9">25062</subfield>
  </datafield>
  <datafield tag="655" ind1=" " ind2="0">
    <subfield code="a">Programmed instructional materials</subfield>
    <subfield code="9">25329</subfield>
  </datafield>
  <datafield tag="655" ind1=" " ind2="0">
    <subfield code="a">Instructional and educational works</subfield>
    <subfield code="9">23270</subfield>
  </datafield>
  <datafield tag="655" ind1=" " ind2="0">
    <subfield code="a">Informational works</subfield>
    <subfield code="9">23310</subfield>
  </datafield>
  <datafield tag="655" ind1=" " ind2="0">
    <subfield code="a">Self-instructional works</subfield>
    <subfield code="9">25331</subfield>
  </datafield>
  <datafield tag="700" ind1=" " ind2=" ">
    <subfield code="a">Hevia, Angela Gonz&#xE1;lez</subfield>
    <subfield code="9">25560</subfield>
    <subfield code="e">author</subfield>
  </datafield>
  <datafield tag="942" ind1=" " ind2=" ">
    <subfield code="2">lcc</subfield>
  </datafield>
  <datafield tag="952" ind1=" " ind2=" ">
    <subfield code="0">0</subfield>
    <subfield code="1">0</subfield>
    <subfield code="2">lcc</subfield>
    <subfield code="4">0</subfield>
    <subfield code="7">0</subfield>
    <subfield code="a">TBS</subfield>
    <subfield code="b">TBS</subfield>
    <subfield code="d">2025-06-25</subfield>
    <subfield code="l">2</subfield>
    <subfield code="o">P-SP LEARN STA</subfield>
    <subfield code="p">B07574</subfield>
    <subfield code="r">2026-01-12</subfield>
    <subfield code="s">2025-12-05</subfield>
    <subfield code="t">1</subfield>
    <subfield code="w">2025-06-25</subfield>
    <subfield code="y">SPANISH</subfield>
  </datafield>
  <datafield tag="999" ind1=" " ind2=" ">
    <subfield code="c">4788</subfield>
    <subfield code="d">4788</subfield>
  </datafield>
</record>
